00686nam a2200205 4500008004100000082001600041245008100057260004500138650003200183650002600215650003100241700001800272700001500290700002000305700001800325700001900343942000700362952009600369999001500465240908b |||||||| |||| 00| 0 eng d a305.48bRIG aRights, shares and claims:brealising women's rights in South Asia 2011-2012 aColombo:bSouth Asia Women's Fund;c2012 aWOMEN'S RIGHTS - South Asia aEquality - South Asia aWomen's Labor - South Asia aParo, Chaujar aAlam, Rita aRajan, Anuradha aJaveed, Sarah aMenon, Deepthy cRP 00102ddc4070aMAINbMAINd2024-09-08l0o305.48 RIGpRAF5355r2024-09-08w2024-09-08yRP c4967d4967